00534nam a2200181 a 45000010010000000030011000100080041000210350026000620820016000881000016001042450044001202600033001646500018001979420012002159520090002279980020003179990015003370000-8971ELIB.Books110520 1961  a(ELIB.Books)0000-9120 a616.8 bBer aBerne, Eric aTransactional Analysis in Psychotherapy bNew York: Grove Press c1961 aPsychotherapy 2ddccBK 00102ddc4070aKBTSbKBTSd2011-05-20l0p9984r2022-01-22 00:00:00w2022-01-22yBK cbate2011-05-20 c8971d8971